000
00334nam a2200133Ia 4500
008
240624s9999 xx 000 0 und d
041
_a
eng
082
_a
006.32 STA
100
_a
STACEY MARK
245
_a
VISUAL INTELLIGENCE MICROSOFT TOOLS AND
260
_c
2013
_a
Canada
_b
Wiley
300
_a
xxix, 400 p.; 23 cm.
365
_c
_b
38
999
_c
30722
_d
30722